Language Quiz

Random Language Quiz

KWIKEE #1: Opposites within words Quiz Stats

 Plays Quiz not verified by Sporcle

Support Sporcle.
Go Orange.
Score 0/11 Timer 05:00
0 Plays Today
Clue Answer % Correct
**SIDE-****UPside-DOWN
83.5%
NE*L   ***NGneIl YOUng
83.5%
C***UBIM AND SERAP***cHERubim and serapHIM
71.6%
WEL****   WA**NwelCOME waGOn
66.1%
PR**T***prINtOUT
33.9%
***ICIATI**OFFiciatiON
33.9%
****E   M**ICTHEMe mUSic
32.1%
**B****PERGObSTOPper
22.9%
C**RI***DcHEriSHEd
16.5%
****THNIC***YNONEthnicALLy
14.7%
*****C****UNDERcOVER
2.8%

You're not logged in!

Compare scores with friends on all Sporcle quizzes.
OR
Log In

From the Vault

Actor A-Z: Action

by markassonne

This quiz is action-packed from start to finish.
Remove Ads.
Support Sporcle.
Get the best of Sporcle when you Go Orange. This ad-free experience offers more features, more stats, and more fun while also helping to support Sporcle. Thank you for becoming a member.

Show Comments

Extras

Created Mar 1, 2011ReportNominate
Tags:blank, complete, form, opposite, phrase

Top Quizzes Today


Score Distribution

Your Account Isn't Verified!

In order to create a playlist on Sporcle, you need to verify the email address you used during registration. Go to your Sporcle Settings to finish the process.

Report this User

Report this user for behavior that violates our Community Guidelines.

Details: